Tübinger Einführung in die klassisch-ägyptische Sprache und Schrift /

محفوظ في:

المؤلف الرئيسي: Schenkel, Wolfgang (مؤلف)

التنسيق: كتاب

اللغة: German

منشور في: Tübingen : W. Schenkel, 1991.

الموضوعات:

الوسوم: إضافة وسم

لا توجد وسوم, كن أول من يضع وسما على هذه التسجيلة!

رقم الطلب: PJ1111 .S344 1991

LEADER 00711nam a22002057a 4500
003 OSt
005 20251013124516.0
008 251013t1991 gw a g b 001 0 ger d
040 |c ARCE Library 
050 1 4 |a PJ1111  |b .S344 1991 
100 1 |a Schenkel, Wolfgang,  |e author  |9 39384 
245 1 0 |a Tübinger Einführung in die klassisch-ägyptische Sprache und Schrift /   |c Wolfgang Schenkel.  
264 1 |a Tübingen :   |b W. Schenkel,   |c 1991.  
300 |a 303 pages :   |b Illustrations ;   |c 24 cm. 
504 |a Includes bibliographical references (pages [283]-294) and index.  
650 0 |a Egyptian language. 
650 0 |a Egyptian language  |x Writing, Hieroglyphic.  
901 |a reviewed 
942 |c BK  |2 lcc 
999 |c 14296  |d 14296